banner-ar

دراسة القانون / (Record no. 49964)

MARC details
000 -الفاتح
حقل البيانات ثابتة الطول 00662nam a2200205Ia 4500
008 - عناصر البيانات ثابتة الطول - معلومات عامة
حقل البيانات ثابتة الطول 140319s9999 xx 000 0 ara d
040 ## - مصدر الفهرسة
وكالة الفهرسة الأصلية GCL /
وكالة النسخ GCL
082 04 - رقم تصنيف ديوى العشرى
رقم التصنيف 787
رقم المادة م د
100 1# - المدخل الرئيسى - إسم شخصى
الإسم الشخصى محمود احمد الحفنى
245 10 - بيان العنوان
العنوان دراسة القانون /
بيان المسئوليه,etc محمود احمد الحفنى
700 1# - المدخل الاضافى - اسم شخصى
الإسم الشخصى مصطفى رضا باب
300 ## - الوصف المادى
التعداد 144 ص
490 ## - بيان السلسلة
عنوان السلسلة مطبوعات المعهد الملكى للموسيقى العربية
رقم المجلد/ التعيين التسلسلي 0
650 04 - المدخل الاضافى بالموضوع-مصطلح موضوعى
مصطلح موضوعي القانون
650 04 - المدخل الاضافى بالموضوع-مصطلح موضوعى
مصطلح موضوعي الموسيقى
650 04 - المدخل الاضافى بالموضوع-مصطلح موضوعى
مصطلح موضوعي الالات الموسيقية
650 04 - المدخل الاضافى بالموضوع-مصطلح موضوعى
مصطلح موضوعي الالات الموسيقية الوترية
942 ## - عناصر المدخل الإضافي( كوها)
مصدر التصنيف او مخطط الترفيف Dewey Decimal Classification
Koha [default] item type كتاب
Holdings
حالة التراجع حالة الفقد حالة تلف ليس للاعارة المكان المؤقت الموقع الحالى تاريخ الاكتساب اجمالي اﻻعارات رقم الطلب الباركود تاريخ اخر مشاهدة تاريخ تفعيل السعر نوع وعاء كوها
        مكتبة القاهرة الكبرى مكتبة القاهرة الكبرى 03/26/2014   787\م د 119814 03/26/2014 03/26/2014 كتاب

Powered By

EGPV